<?xml version="1.0" encoding="UTF-8"?>
<collection xmlns="http://www.loc.gov/MARC21/slim">
 <record>
  <leader>01054nam a2200241 a 4500</leader>
  <controlfield tag="001">002122343-2</controlfield>
  <controlfield tag="008">091109s1988    bg a     b    001 0 eng d</controlfield>
  <datafield tag="040" ind1=" " ind2=" ">
   <subfield code="a">RBN</subfield>
   <subfield code="c">RBN</subfield>
   <subfield code="d">AUM</subfield>
  </datafield>
  <datafield tag="082" ind1="0" ind2="0">
   <subfield code="a">320.1</subfield>
   <subfield code="2">19</subfield>
  </datafield>
  <datafield tag="100" ind1="1" ind2=" ">
   <subfield code="a">Islam, Syed Serajul.</subfield>
  </datafield>
  <datafield tag="245" ind1="1" ind2="0">
   <subfield code="a">Bangladesh, state and economic strategy /</subfield>
   <subfield code="c">Syed Serajul Islam.</subfield>
  </datafield>
  <datafield tag="260" ind1=" " ind2=" ">
   <subfield code="a">Dhaka :</subfield>
   <subfield code="b">University Press Ltd.,</subfield>
   <subfield code="c">1988.</subfield>
  </datafield>
  <datafield tag="300" ind1=" " ind2=" ">
   <subfield code="a">vii, 212 p. :</subfield>
   <subfield code="b">ill. ;</subfield>
   <subfield code="c">22 cm.</subfield>
  </datafield>
  <datafield tag="504" ind1=" " ind2=" ">
   <subfield code="a">Includes bibliographical references (p. [196]-208) and index.</subfield>
  </datafield>
  <datafield tag="541" ind1="1" ind2=" ">
   <subfield code="e">00011169</subfield>
  </datafield>
  <datafield tag="650" ind1=" " ind2="0">
   <subfield code="a">State, The.</subfield>
  </datafield>
  <datafield tag="650" ind1=" " ind2="0">
   <subfield code="a">Economic development.</subfield>
  </datafield>
  <datafield tag="651" ind1=" " ind2="0">
   <subfield code="a">Bangladesh</subfield>
   <subfield code="x">Economic policy.</subfield>
  </datafield>
  <datafield tag="651" ind1=" " ind2="0">
   <subfield code="a">Bangladesh</subfield>
   <subfield code="x">Politics and government.</subfield>
  </datafield>
  <datafield tag="852" ind1="4" ind2=" ">
   <subfield code="a">Ayesha Abed Library</subfield>
   <subfield code="j">General shelf</subfield>
  </datafield>
  <datafield tag="999" ind1=" " ind2=" ">
   <subfield code="c">5303</subfield>
   <subfield code="d">5303</subfield>
  </datafield>
  <datafield tag="952" ind1=" " ind2=" ">
   <subfield code="0">0</subfield>
   <subfield code="1">0</subfield>
   <subfield code="2">ddc</subfield>
   <subfield code="4">0</subfield>
   <subfield code="6">320_100000000000000_ISL_1988</subfield>
   <subfield code="7">0</subfield>
   <subfield code="9">5155</subfield>
   <subfield code="a">BRACUL</subfield>
   <subfield code="b">BRACUL</subfield>
   <subfield code="c">GEN</subfield>
   <subfield code="d">2009-11-09</subfield>
   <subfield code="g">212.00</subfield>
   <subfield code="l">0</subfield>
   <subfield code="o">320.1 ISL</subfield>
   <subfield code="p">3010011169</subfield>
   <subfield code="r">2009-11-09</subfield>
   <subfield code="t">1</subfield>
   <subfield code="w">2009-11-09</subfield>
   <subfield code="y">BK</subfield>
  </datafield>
  <datafield tag="952" ind1=" " ind2=" ">
   <subfield code="0">0</subfield>
   <subfield code="1">0</subfield>
   <subfield code="2">ddc</subfield>
   <subfield code="4">0</subfield>
   <subfield code="6">320_100000000000000_ISL</subfield>
   <subfield code="7">0</subfield>
   <subfield code="9">19136</subfield>
   <subfield code="a">JPGSPH</subfield>
   <subfield code="b">JPGSPH</subfield>
   <subfield code="c">GEN</subfield>
   <subfield code="d">2012-01-11</subfield>
   <subfield code="e">MPH</subfield>
   <subfield code="g">200.00</subfield>
   <subfield code="l">0</subfield>
   <subfield code="o">320.1 ISL</subfield>
   <subfield code="p">3060024254</subfield>
   <subfield code="r">2012-01-15</subfield>
   <subfield code="t">2</subfield>
   <subfield code="w">2012-01-15</subfield>
   <subfield code="y">BK</subfield>
  </datafield>
 </record>
</collection>
